| 000 | 00612nam a22001932 4500 | ||
|---|---|---|---|
| 001 | 0000002083 | ||
| 005 | 20170406113945.0 | ||
| 008 | 140217s xx 000 0 eng d | ||
| 020 |
_a9781563272189 : _c$ |
||
| 040 |
_aYour Holding Symbol _cYour Holding Symbol |
||
| 100 | 1 | _aCooper,Robin. | |
| 245 | 1 | 0 |
_aSupply chain development for the lean enterprise : _binteroganizational cost management. |
| 250 | _a ed. | ||
| 260 |
_aMontvale : _bima foundation for applied reseach,inc, _c1999. |
||
| 300 |
_a510 p. : _bill ; _c cm. |
||
| 504 | _aindex. | ||
| 650 | 0 | _acost control. | |
| 908 | _a140217 | ||
| 999 |
_c1990 _d1990 |
||